| 000 | 00917cam a2200253 4500 | ||
|---|---|---|---|
| 001 | WS125653 | ||
| 008 | 040329n 000 0 eng u | ||
| 035 | _a(Sirsi) u125653 | ||
| 110 |
_aHousing Industry Association Ltd _94614 |
||
| 245 | _aHousing Industry Association Ltd | ||
| 520 | _aWeb site for this organisation which describes itself as 'the voice of Australia's home building industry'. Includes details of their apprenticeships, publications, statistics on industry activity and details of environmental planning and development. | ||
| 650 | _aWEB SITE | ||
| 650 | _aKITCHENS | ||
| 650 | _aBATHROOMS | ||
| 650 | _aHOUSE BUILDING | ||
| 650 | _aORGANISATION | ||
| 650 | _aAUSTRALIA | ||
| 650 | _aAPPRENTICESHIPS | ||
| 650 | _aSTATISTICS | ||
| 650 | _aENVIRONMENTAL PLANNING | ||
| 690 | _aHOUSING | ||
| 856 | 4 | 0 |
_uhttps://hia.com.au/ _zView the document free of charge at hia.com.au |
| 942 | _n0 | ||
| 999 |
_c120433 _d120433 |
||